[Event "ECU-ch Qual Blitz"]
[Site "Chess.com INT"]
[Date "2021.06.25"]
[Round "3"]
[White "Aspiazu Sibri, Marlon Steven"]
[Black "Quimi Murillo, Arturo Javier"]
[Result "1-0"]
[WhiteElo "2434"]
[BlackElo "1506"]
[PlyCount "111"]
[EventDate "2021.06.25"]
[EventType "swiss (blitz)"]
[EventRounds "9"]
[EventCountry "ECU"]
[SourceTitle "CBM 203 Extra"]
[Source "ChessBase"]
[SourceDate "2021.09.30"]
[SourceVersion "1"]
[SourceVersionDate "2021.09.30"]
[SourceQuality "1"]

1. c4 c6 2. Nc3 d5 3. cxd5 cxd5 4. d4 Nf6 5. Nf3 Nc6 6. Bf4 a6 7. e3 e6 8. Rc1 Bd6 9. Bg3 0-0 10. Bd3 Re8 11. Bb1 e5 12. dxe5 Bxe5 13. Nxe5 Nxe5 14. 0-0 Nc6 15. Qa4 Be6 16. Rfd1 b5 17. Qh4 Rc8 18. Bf4 Ne7 19. Bg5 Ng6 20. Bxg6 hxg6 21. Bxf6 Qxf6 22. Qxf6 gxf6 23. Ne2 d4 24. Nxd4 Bxa2 25. Ra1 Bc4 26. Rxa6 Kg7 27. Ra7 Kh6 28. h3 Red8 29. Rda1 Bd5 30. R1a6 Kg7 31. Rb6 Bc4 32. Kh2 Ra8 33. Rxa8 Rxa8 34. Nxb5 Bxb5 35. Rxb5 Ra2 36. Kg3 Kf8 37. h4 Ke7 38. Rb7+ Ke6 39. Kg4 Ra4+ 40. f4 Re4 41. Kf3 f5 42. b4 Rc4 43. g4 Rc3 44. gxf5+ Kxf5 45. Rxf7+ Ke6 46. Rb7 Rb3 47. Ke4 Kd6 48. Rb6+ Ke7 49. Rxg6 Rxb4+ 50. Kf5 Kf7 51. Rf6+ Kg7 52. Rd6 Rb5+ 53. Kg4 Rb3 54. e4 Re3 55. e5 Kf7 56. Kf5 1-0

[Event "ECU-ch Qual Blitz"]
[Site "Chess.com INT"]
[Date "2021.06.25"]
[Round "9"]
[White "Echeverria Bravo, Juan Sebastian"]
[Black "Quimi Murillo, Arturo Javier"]
[Result "1-0"]
[WhiteElo "1851"]
[BlackElo "1506"]
[PlyCount "39"]
[EventDate "2021.06.25"]
[EventType "swiss (blitz)"]
[EventRounds "9"]
[EventCountry "ECU"]
[SourceTitle "CBM 203 Extra"]
[Source "ChessBase"]
[SourceDate "2021.09.30"]
[SourceVersion "1"]
[SourceVersionDate "2021.09.30"]
[SourceQuality "1"]

1. e4 d6 2. Bc4 Nf6 3. Nc3 e5 4. Nf3 Nbd7 5. d3 Be7 6. 0-0 0-0 7. h3 c6 8. a4 b6 9. Bg5 Re8 10. Bh4 Nf8 11. Re1 Ng6 12. Bg3 Bf8 13. d4 Qc7 14. dxe5 dxe5 15. Qe2 Be6 16. Rad1 h6 17. Nb1 Nh5 18. Bxe6 Re7 19. Bb3 Re6 20. Bxe6 1-0

[Event "ECU-ch Qual Blitz"]
[Site "Chess.com INT"]
[Date "2021.06.25"]
[Round "6"]
[White "Ulloa Centeno, Leandro Nicolas"]
[Black "Quimi Murillo, Arturo Javier"]
[Result "1-0"]
[WhiteElo "1926"]
[BlackElo "1506"]
[PlyCount "85"]
[EventDate "2021.06.25"]
[EventType "swiss (blitz)"]
[EventRounds "9"]
[EventCountry "ECU"]
[SourceTitle "CBM 203 Extra"]
[Source "ChessBase"]
[SourceDate "2021.09.30"]
[SourceVersion "1"]
[SourceVersionDate "2021.09.30"]
[SourceQuality "1"]

1. f4 d5 2. Nf3 c5 3. e3 Nc6 4. Bb5 Bd7 5. 0-0 a6 6. Bxc6 Bxc6 7. d4 e6 8. c3 Nf6 9. Nbd2 c4 10. Ne5 h5 11. b3 cxb3 12. axb3 Bd6 13. c4 dxc4 14. bxc4 Bb4 15. Nxc6 bxc6 16. Qf3 Qd7 17. Ne4 Nxe4 18. Qxe4 0-0 19. Ba3 c5 20. dxc5 Bxa3 21. Rxa3 Qc7 22. c6 Rfc8 23. Rfa1 Qxc6 24. Qxc6 Rxc6 25. Ra4 a5 26. Kf2 Rac8 27. Rc1 Rc5 28. Ke2 Rd8 29. Rca1 Rdc8 30. Kd3 f6 31. Kc3 Kf7 32. Rd1 R8c6 33. e4 Kg6 34. g3 e5 35. fxe5 Rxe5 36. Rd4 Rcc5 37. Kd3 Kg5 38. Rd5 Kg4 39. Kd4 Rcxd5+ 40. exd5 Re2 41. c5 Kf5 42. Kd3 Rxh2 43. c6 1-0

[Event "Carpuela CupT U20 6th"]
[Site "Carpuela"]
[Date "2015.06.04"]
[Round "5.1"]
[White "Mendoza Criollo, Carlos David"]
[Black "Quimi Murillo, Arturo Javier"]
[Result "0-1"]
[WhiteElo "1828"]
[BlackElo "1874"]
[PlyCount "58"]
[EventDate "2015.06.01"]
[EventType "team-swiss"]
[EventRounds "7"]
[EventCountry "ECU"]
[SourceTitle "CBM 166 Extra"]
[Source "ChessBase"]
[SourceDate "2015.06.18"]
[SourceVersion "1"]
[SourceVersionDate "2015.06.18"]
[SourceQuality "1"]
[WhiteTeam "Azuay"]
[BlackTeam "El Oro"]
[WhiteTeamCountry "ECU"]
[BlackTeamCountry "ECU"]

1. e4 d5 2. exd5 Qxd5 3. Nc3 Qa5 4. b4 Qe5+ 5. Be2 c6 6. Nf3 Qc7 7. a4 Nf6 8. Bb2 Bf5 9. b5 c5 10. a5 Nbd7 11. b6 axb6 12. axb6 Nxb6 13. Nb5 Qc8 14. Rxa8 Nxa8 15. Qa1 Nc7 16. Nxc7+ Qxc7 17. Qa8+ Qd8 18. Qxb7 Bc8 19. Bb5+ Nd7 20. Qa7 f6 21. 0-0 e5 22. d4 cxd4 23. Bxd4 Bd6 24. Bxe5 Bxe5 25. Nxe5 fxe5 26. Rd1 0-0 27. Qa2+ Kh8 28. Bxd7 Bxd7 29. Rxd7 Qxd7 0-1